000 00482nam a22001937a 4500
003 MPLRDC
005 20220104142446.0
008 210129b ||||| |||| 00| 0 eng d
020 _a962-04-0275-8
082 _a830.8 NYXL v.6 c.4
100 _a龙飞立
245 _a国际文化明星传奇
_c
250 _a一版一刷
260 _a
_b南粤出版社
_c1987
300 _b
490 _a南粤系列
650 _a中国文学总集
942 _cBK
_o830.8 NYXL v.6 c.4
999 _c31068
_d31058